|
|
|
|
| LEADER |
03016nam a2200793 i 4500 |
| 001 |
nkc20162833154 |
| 003 |
CZ PrNK |
| 005 |
20180528122144.0 |
| 007 |
ta |
| 008 |
160914s2017 xr a e c 001 0 cze |
| 015 |
|
|
|a cnb002833154
|
| 020 |
|
|
|a 978-80-86874-74-6
|q (vázáno)
|
| 035 |
|
|
|a (OCoLC)1039829453
|
| 040 |
|
|
|a ABA001
|b cze
|d OLA001
|e rda
|
| 041 |
0 |
|
|a cze
|b eng
|
| 043 |
|
|
|a e-xr---
|b e-xr-jc
|2 czenas
|
| 045 |
|
|
|a w-x-
|
| 072 |
|
7 |
|a 639.1
|x Myslivost
|2 Konspekt
|9 24
|
| 080 |
|
|
|a 069:63
|2 MRF
|
| 080 |
|
|
|a 59-051
|2 MRF
|
| 080 |
|
|
|a 069.5:59
|2 MRF
|
| 080 |
|
|
|a 639.18
|2 MRF
|
| 080 |
|
|
|a 599.735.5
|2 MRF
|
| 080 |
|
|
|a 639.11/.16
|2 MRF
|
| 080 |
|
|
|a 636.1/.5
|2 MRF
|
| 080 |
|
|
|a 639.1(091)
|2 MRF
|
| 080 |
|
|
|a (437.319)
|2 MRF
|
| 080 |
|
|
|a (083.82)
|2 MRF
|
| 100 |
1 |
|
|a Voldřichová, Marie
|7 jo2015866395
|4 aut
|
| 245 |
1 |
0 |
|a Sallačova sbírka turovitých :
|b kritický katalog /
|c Marie Voldřichová, Miroslav Čeněk
|
| 250 |
|
|
|a Vydání první
|
| 264 |
|
1 |
|a Praha :
|b Národní zemědělské muzeum, s.p.o.,
|c 2017
|
| 300 |
|
|
|a 329 stran :
|b ilustrace (převážně barevné) ;
|c 31 cm
|
| 336 |
|
|
|a text
|b txt
|2 rdacontent
|
| 336 |
|
|
|a statický obraz
|b sti
|2 rdacontent
|
| 337 |
|
|
|a bez média
|b n
|2 rdamedia
|
| 338 |
|
|
|a svazek
|b nc
|2 rdacarrier
|
| 504 |
|
|
|a Obsahuje bibliografii, bibliografické odkazy a rejstříky
|
| 546 |
|
|
|a Anglické resumé
|
| 600 |
1 |
7 |
|a Sallač, Vilém,
|d 1852-1927
|7 jk01110353
|2 czenas
|
| 610 |
2 |
7 |
|a Muzeum lesnictví, myslivosti a rybářství (Hluboká nad Vltavou, Česko)
|7 olak2007396519
|2 czenas
|
| 648 |
|
4 |
|a 1852-1927
|
| 648 |
|
7 |
|a 19.-20. století
|7 ch757015
|2 czenas
|
| 650 |
0 |
7 |
|a zemědělská muzea
|7 ph487797
|z Česko
|2 czenas
|
| 650 |
0 |
7 |
|a zoologové
|7 ph127668
|z Česko
|y 19.-20. století
|2 czenas
|
| 650 |
0 |
7 |
|a zoologické sbírky
|7 ph323389
|z Česko
|y 19.-20. století
|2 czenas
|
| 650 |
0 |
7 |
|a lovecké trofeje
|7 ph134881
|2 czenas
|
| 650 |
0 |
7 |
|a turovití
|7 ph126802
|2 czenas
|
| 650 |
0 |
7 |
|a lovná zvěř
|7 ph115184
|2 czenas
|
| 650 |
0 |
7 |
|a hospodářská zvířata
|7 ph114702
|2 czenas
|
| 650 |
0 |
7 |
|a dějiny myslivosti
|7 ph488803
|z Česko
|y 19.-20. století
|2 czenas
|
| 650 |
0 |
9 |
|a agricultural museums
|z Czechia
|2 eczenas
|
| 650 |
0 |
9 |
|a zoologists
|z Czechia
|y 19th-20th centuries
|2 eczenas
|
| 650 |
0 |
9 |
|a zoological collections
|z Czechia
|y 19th-20th centuries
|2 eczenas
|
| 650 |
0 |
9 |
|a hunting trophies
|2 eczenas
|
| 650 |
0 |
9 |
|a Bovidae
|2 eczenas
|
| 650 |
0 |
9 |
|a game
|2 eczenas
|
| 650 |
0 |
9 |
|a livestock
|2 eczenas
|
| 650 |
0 |
9 |
|a history of game management
|z Czechia
|y 19th-20th centuries
|2 eczenas
|
| 651 |
|
7 |
|a Hluboká nad Vltavou (Česko)
|7 ge129262
|2 czenas
|
| 651 |
|
9 |
|a Hluboká nad Vltavou (Czechia)
|2 eczenas
|
| 655 |
|
7 |
|a katalogy
|7 fd132535
|2 czenas
|
| 655 |
|
9 |
|a catalogs
|2 eczenas
|
| 700 |
1 |
|
|a Čeněk, Miroslav,
|d 1953-
|7 mzk2007377655
|4 aut
|
| 910 |
2 |
|
|a BOA001
|b 4-1409.253
|
| 990 |
|
|
|a BK
|
| 995 |
|
|
|a 01
|
| 991 |
|
|
|b 201805
|c NOV
|
| 996 |
6 |
|
|b 2610744330
|c 4-1409.253
|l MZK
|r Sklad / do 1 hodiny
|n 0
|p p.v.
|w 001665319
|u 000010
|a 1
|e BOA001
|j MZK50
|s P
|